000
00351cam a2200145 4500
008
040914n2005 000 0 eng u
020
_a
063202156X
035
_a
(Sirsi) u127364
100
_a
Furmston, M.
245
_a
Construction contracts
260
_a
Blackwells
_c
2005
350
_a
59.50
520
_a
Due for publication 2005
942
_n
0
999
_c
103758
_d
103758